Aplikácie konečno-stavových automatov v podnikovej praxi diplomová práca

Salvato in:
Dettagli Bibliografici
Autore principale: Melková, Annamária
Ente Autore: Fakulta hospodárskej informatiky EU. Katedra aplikovanej informatiky
Altri autori: Rakovská, Eva, 1963-
Natura: Libro
Lingua:slovacco
Pubblicazione: Bratislava 2017
Tags: Aggiungi Tag
Nessun Tag, puoi essere il primo ad aggiungerne!!

MARC

LEADER 00000nbm a2200000 4500
001 0232972
005 20180413100141.6
041 0 |a slo 
044 |a SK 
245 1 0 |a Aplikácie konečno-stavových automatov v podnikovej praxi  |b diplomová práca  |c Annamária Melková ; školiteľ: Eva Rakovská 
264 1 |a Bratislava  |c 2017 
300 |a 63 s. 
100 1 |a Melková, Annamária 
700 1 |a Rakovská, Eva, 1963- 
710 2 |a Fakulta hospodárskej informatiky EU. Katedra aplikovanej informatiky